Bond markets in Latin America on the verge of a big bang? /

Bibliographic Details
Corporate Author: ProQuest (Firm)
Other Authors: Borensztein, Eduardo.
Format: Electronic eBook
Language:English
Published: Cambridge, MA : MIT Press, c2008.
Subjects:
Online Access:Click to View
LEADER 02119nam a2200349 a 4500
001 EBC3338897
003 MiAaPQ
005 20200520144314.0
006 m o d |
007 cr cn|||||||||
008 070803s2008 maua sb 101 0 eng
010 |z  2007032263 
020 |z 9780262026321 (hardcover : alk. paper) 
035 |a (MiAaPQ)EBC3338897 
035 |a (Au-PeEL)EBL3338897 
035 |a (CaPaEBR)ebr10233571 
035 |a (OCoLC)233818116 
040 |a MiAaPQ  |c MiAaPQ  |d MiAaPQ 
043 |a cl----- 
050 4 |a HG5160.5.A3  |b B66 2008 
082 0 4 |a 332.63/23098  |2 22 
245 0 0 |a Bond markets in Latin America  |h [electronic resource] :  |b on the verge of a big bang? /  |c edited by Eduardo Borensztein ... [et al.]. 
260 |a Cambridge, MA :  |b MIT Press,  |c c2008. 
300 |a x, 305 p. :  |b ill. 
504 |a Includes bibliographical references and index. 
505 0 |a Building bond markets in Latin America / Eduardo Borensztein ... [et al.] -- How can emerging market economies benefit from a corporate bond market? / Patrick Bolton and Xavier Freixas -- Development of the Mexican bond market / Sara G. Castellanos and Lorenza Martinez -- Corporate bond markets in Argentina / Roque B. Fernandez, Sergio Pernice, and Jorge M. Streb -- Development of Colombian bond markets / Camila Aguilar ... [et al.] -- Development of the Chilean corporate bond market / Matias Braun and Ignacio Briones -- Development of the Brazilian bond market / Ricardo P.C. Leal and Andre L. Carvalhal-da-Silva -- The fixed-income market in Uruguay / Julio de Brun ... [et al.] -- Prospects for Latin American bond markets : a cross-country view / Barry Eichengreen, Ugo Panizza, and Eduardo Borensztein. 
533 |a Electronic reproduction. Ann Arbor, MI : ProQuest, 2015. Available via World Wide Web. Access may be limited to ProQuest affiliated libraries. 
650 0 |a Bond market  |z Latin America  |v Congresses. 
655 4 |a Electronic books. 
700 1 |a Borensztein, Eduardo. 
710 2 |a ProQuest (Firm) 
856 4 0 |u https://ebookcentral.proquest.com/lib/matrademy/detail.action?docID=3338897  |z Click to View